Plant myths and traditions in India / (Record no. 123979)

MARC details
000 -LEADER
fixed length control field 00764nam a22002417a 4500
005 - DATE AND TIME OF LATEST TRANSACTION
control field 20170124105933.0
010 ## - LIBRARY OF CONGRESS CONTROL NUMBER
LC control number B-059661
020 ## - INTERNATIONAL STANDARD BOOK NUMBER
Terms of availability 00.00
International Standard Book Number 8121510074
035 ## - SYSTEM CONTROL NUMBER
System control number B-059661
037 ## - SOURCE OF ACQUISITION
Source of stock number/acquisition Cen Lib/Ret
040 ## - CATALOGING SOURCE
Original cataloging agency DPL
Language of cataloging EN
082 ## - DEWEY DECIMAL CLASSIFICATION NUMBER
Classification number 230.1
Item number GUP
100 ## - MAIN ENTRY--PERSONAL NAME
Personal name Gupta, Shakti M.
9 (RLIN) 8782
245 ## - TITLE STATEMENT
Title Plant myths and traditions in India /
Statement of responsibility, etc by Shakti M Gupta
250 ## - EDITION STATEMENT
Edition statement rev. enl. ed
260 ## - PUBLICATION, DISTRIBUTION, ETC. (IMPRINT)
Place of publication, distribution, etc New Delhi
Name of publisher, distributor, etc Munshiram Manoharlal
Date of publication, distribution, etc 2001
270 ## - ADDRESS
Address Post Box 5715, 54 Rani Jhansi Road
City New Delhi
Postal code 110055
300 ## - PHYSICAL DESCRIPTION
Extent xxv,112p.:
Dimensions 23cm(Hb)
Other physical details ill.
500 ## - GENERAL NOTE
General note Includes bibliographical references and index
650 ## - SUBJECT ADDED ENTRY--TOPICAL TERM
Topical term or geographic name as entry element Botany -- India -- Folklore
9 (RLIN) 8783
650 ## - SUBJECT ADDED ENTRY--TOPICAL TERM
Topical term or geographic name as entry element Hindu mythology
9 (RLIN) 8784
942 ## - ADDED ENTRY ELEMENTS (KOHA)
Source of classification or shelving scheme Dewey Decimal Classification
Koha item type English Books
Classification part 230.1
Call number suffix GUP
Holdings
Withdrawn status Lost status Damaged status Not for loan Home library Current library Date acquired Source of acquisition Cost, normal purchase price Total Checkouts Full call number Barcode Date last seen Copy number Cost, replacement price Price effective from Koha item type
        Central Library Central Library 13/06/2015 Cen Lib/Ret 0.00   230.1 GUP B-059661 13/06/2015 1 0.00 13/06/2015 English Books

© Delhi Public Library
Hit Counter
free hit counter